Statistics for US States with AND

Click here to take the quiz!

General Stats

  • This quiz has been taken 75 times
  • The average score is 3 of 5

Answer Stats

State% Correct
Maryland
80%
North Dakota
69%
Rhode Island
56%
Indiana
52%
Nevada
41%

Score Distribution

Percentile by Number Answered

Percent of People with Each Score

Your Score History

You have not taken this quiz